000 01941nam a2200313Ia 4500
003 CO-BoRNBP
005 20230627231923.0
007 ta
008 121119s2002 sp gr 000 f spa
020 _a8483106566
040 _aCO-BoRNBP
_bspa
_erda
_cCO-BoRNBP
041 1 _aspa
084 _aN LOW1
100 1 _aLowry, Malcolm,
_d1909-1957
_92621
245 1 0 _aBajo el volcán
_cMalcolm Lowry ; traducción de Raúl Ortiz y Ortiz
250 _aSegunda edición
264 1 _aBarcelona
_bTusquest
_c2002
300 _a414 páginas
_c22 cm.
336 _atexto
_btxt
_2rdacontent
337 _asin mediación
_bn
_2rdamedia
338 _avolumen
_bnc
_2rdacarrier
490 0 _aColección andanzas
520 3 _aEl día de muertos de 1938 es una jornada aciaga para el ex cónsul británico en México, Geoffrey Firmin, un hombre alcohólico, arruinado por los fantasmas de su mente y de su pasado y cuyos oscuros sentimientos de culpabilidad alimentan una soterrada voluntad de autodestrucción. Incapaz de reaccionar al regreso de su ex mujer, Yvonne, el cónsul deja que ella se acerque de nuevo a su hermanastro Hugh, trotamundos implicado en actividades políticas. Y durante las veinticuatro horas en que transcurre la novela, en un México que simboliza al tiempo el paraíso y el infierno terrenales, se suceden alejamientos, malentendidos y encuentros conflictivos, y hasta violentos, con personajes de toda índole. Un funesto augurio —un indio moribundo al borde de un camino— da la primera señal de alarma. Mientras Geoffrey, cada vez más ensimismado, naufraga lentamente en sus delirios etílicos ante los ojos de Yvonne y Hugh, éstos asisten impotentes a los estragos de su trágica caída
650 1 4 _2LEMB
_aNovela inglesa
_ySiglo XX
_92622
650 1 4 _2LEMB
_aLiteratura inglesa
_ySiglo XX
_92623
650 1 4 _2LEMB
_aAlcoholismo
_vNovela
_92624
700 1 _aOrtiz y Ortiz, Raúl
_dtraductor
_92625
942 _cBKLIT
999 _c772
_d772